000 00912nam a2200265Ia 4500
003 GCL
008 140319s9999 xx 000 0 ara d
040 _aGCL /
_cGCL
082 0 4 _a780
_bى د
100 1 _aيوسف السيسى
245 1 0 _aدعوة الى الموسيقى (عالم المعرفة 46) /
_cيوسف السيسى
260 _a[S.N] :
_bالمجلس الوطنى للثقافة والفنون والاداب ،
_c1981
300 _a342 ص
490 _aعالم المعرفة
_v0
650 0 4 _aالصوت
650 0 4 _aالالات الموسيقية
650 0 4 _aالاوركسترا
650 0 4 _aالتذوق الموسيقى
650 0 4 _aالتأليف
650 0 4 _aالتأليف الموسيقى
650 0 4 _aالموسيقى - تاريخ ونقد
650 0 4 _aالمفاتيح الموسيقية
650 0 4 _aالموسيقيون - تراجم
942 _2ddc
_cBK
999 _c48015
_d48015